| 000 | 01026nam a22002891 4500 | ||
|---|---|---|---|
| 001 | 30364 | ||
| 003 | BD-RjUL | ||
| 005 | 20211209051543.0 | ||
| 008 | 140409s1967 nyu b 001 0 ger d | ||
| 035 | _a(BD-RjUL)30449 | ||
| 035 | _a(OCoLC)1014896 | ||
| 040 |
_aDLC _cOClU _dDLC _dBD-RjUL _beng |
||
| 041 | _aeng | ||
| 082 | 0 | 0 |
_a164 _bHIG 1967 |
| 100 | 1 |
_aHilbert, David, _d1862-1943. _925313 |
|
| 245 | 1 | 0 |
_aGrundzüge der theoretischen Logik / _c[von] D. Hilbert und W. Ackermann. |
| 250 | _a5. Aufl. | ||
| 260 |
_aBerlin, Heidelberg, New York : _bSpringer, _c1967. |
||
| 300 |
_aviii, 188 p. ; _c24 cm. |
||
| 504 | _aBibliography: p. [183]-186. and index. | ||
| 650 | 0 |
_aLogic, Symbolic and mathematical. _992294 |
|
| 700 | 1 |
_aAckermann, W. _q(Wilhelm), _d1896- _ejoint author. _992295 |
|
| 942 |
_2ddc _cBK |
||
| 999 |
_c30364 _d30364 |
||